KOHA-Header-6

Quantitative Methods for Business (Record no. 13114)

000 -LEADER
fixed length control field 00276nam a22001217a 4500
020 ## - INTERNATIONAL STANDARD BOOK NUMBER
ISBN 9781488626494
082 ## - DEWEY DECIMAL CLASSIFICATION NUMBER
Classification number 658.403
100 ## - MAIN ENTRY--AUTHOR NAME
Personal name Belinda Chiera
245 ## - TITLE STATEMENT
Title Quantitative Methods for Business
260 ## - PUBLICATION, DISTRIBUTION, ETC. (IMPRINT)
Place of publication Australia
Name of publisher Pearson
Year of publication 2019
300 ## - PHYSICAL DESCRIPTION
Number of Pages 400 pages
942 ## - ADDED ENTRY ELEMENTS (KOHA)
Koha item type Books
Holdings
Withdrawn status Lost status Collection code Permanent Location Current Location Shelving location Date acquired Full call number Accession Number Koha item type
    Business MAJU MAJU   2021-05-27 658.403 10210 Business

Powered by Koha